| 000 | 00395pab a2200169 454500 | ||
|---|---|---|---|
| 008 | 180718b2010 xxu||||| |||| 00| 0 eng d | ||
| 100 | _aJolly, Susie | ||
| 245 | _aPleasure and empowerment: connections and disconnections | ||
| 260 | _c2010 | ||
| 300 | _ap.227-31. | ||
| 362 | _aJun | ||
| 650 | _aWomen | ||
| 650 | _aSexual abuse | ||
| 773 | _aDevelopment | ||
| 908 | _aN | ||
| 909 | _a87057 | ||
| 999 |
_c87057 _d87057 |
||